Catálogo
 En Linea

Oficio de Alarife : (Registro nro. 36740)

Detalles MARC
000 -CABECERA
campo de control de longitud fija 00865nam a2200217 a 4500
001 - NÚMERO DE CONTROL
campo de control 000037250
005 - FECHA Y HORA DE LA ÚLTIMA TRANSACCIÓN
campo de control 20200930080235.0
008 - DATOS DE LONGITUD FIJA--INFORMACIÓN GENERAL
campo de control de longitud fija 120321s2010 ve 000 0 spa d
020 ## - NÚMERO INTERNACIONAL ESTÁNDAR DEL LIBRO
Número Internacional Estándar del Libro 9789807053082
040 ## - FUENTE DE LA CATALOGACIÓN
Centro catalogador/agencia de origen DO-SdBNP
Lengua de catalogación spa
Centro/agencia transcriptor BNPHU
082 ## - NÚMERO DE LA CLASIFICACIÓN DECIMAL DEWEY
Número de clasificación xxx
Número de documento/Ítem I681ó
100 1# - ENTRADA PRINCIPAL--NOMBRE DE PERSONA
Nombre de persona Iribarren, Mariana
9 (RLIN) 63664
245 10 - MENCIÓN DE TÍTULO
Título Oficio de Alarife :
Resto del título artesanos de la construcción en la provincia de Caracas /
Mención de responsabilidad, etc. Mariana Iribarren.
260 ## - PUBLICACIÓN, DISTRIBUCIÓN, ETC.
Lugar de publicación, distribución, etc. Caracas : República Bolivariana de Venezuela :
Nombre del editor, distribuidor, etc. Archivo General de la Nación,
-- Centro Nacional de Historia,
Fecha de publicación, distribución, etc. 2010.
300 ## - DESCRIPCIÓN FÍSICA
Extensión 108 p. ;
Dimensiones 21 cm.
490 1# - MENCIÓN DE SERIE
Mención de serie Bicentenario
Designación de volumen o secuencia 2
500 ## - NOTA GENERAL
Nota general Incluye referencias bibliográficas y notas al pie de las páginas
500 ## - NOTA GENERAL
Nota general Incluye datos biográficos de la autora en la solapa de la contracubierta.
504 ## - NOTA DE BIBLIOGRAFÍA, ETC.
Nota de bibliografía, etc. Bibliografía: p. 101-108
830 #0 - PUNTO DE ACCESO ADICIONAL DE SERIE-TÍTULO UNIFORME
Título uniforme Bicentenario
Número de parte o sección de la obra 2
9 (RLIN) 63665
Existencias
Estado de retiro Estado de pérdida Restricciones de uso No para préstamo Código de colección Localización permanente Ubicación/localización actual Ubicación en estantería Fecha de adquisición Número de inventario Total de préstamos Signatura topográfica completa Código de barras Fecha visto por última vez Precio válido a partir de Tipo de ítem Koha
      Excluido de préstamo Monografías: Libros y Folletos General General En catalogación 21.03.2012 LF1   xxx I681ó 37250-10 25.06.2020 25.06.2020 No se presta
        Monografías: Libros y Folletos General General Orden iniciada 21.03.2012 LF1   xxx I681ó 37251-10 25.06.2020 25.06.2020 No se presta

Con tecnología Koha